| 000 | 00729 a2200205 4500 | ||
|---|---|---|---|
| 020 | _a007365812X | ||
| 020 | _a9780073658124 | ||
| 082 | 0 | 4 | _a658.404 |
| 090 |
_c3339 _d3339 |
||
| 100 | 1 | _aGray. | |
| 245 | 1 | 0 |
_aProject management / _cGray. |
| 260 |
_a[S.l.] : _bMcGraw-Hill Education, _c1999. |
||
| 300 |
_a496 p. ; _c26 cm. |
||
| 490 | 1 | _aIrwin/mcgraw hill series, operations and decision sciences. | |
| 500 | _aHardcover. | ||
| 830 | 0 | _aIrwin/mcgraw hill series, operations and decision sciences. | |
| 856 | 4 | 0 |
_3Amazon.com _uhttp://www.amazon.com/exec/obidos/ASIN/007365812X/chopaconline-20 |
| 856 | 4 | 0 |
_3Amazon customer reviews _uhttp://www.chopac.org/cgi-bin/tools/azrev.pl?q=007365812X |
| 942 |
_aNBS _cBK _k658.404 GRA |
||
| 999 |
_c345822 _d345822 |
||